Thermodynamics (Record no. 7801)

000 -LEADER
fixed length control field 00495nam a22002057a 4500
001 - CONTROL NUMBER
control field 7801
003 - CONTROL NUMBER IDENTIFIER
control field BD-DhUET
008 - FIXED-LENGTH DATA ELEMENTS--GENERAL INFORMATION
fixed length control field 141212b xxu||||| |||| 00| 0 eng d
040 ## - CATALOGING SOURCE
Transcribing agency 0
Modifying agency BD-DhUET
082 ## - DEWEY DECIMAL CLASSIFICATION NUMBER
Classification number 621.01
Item number OBE/1963
100 ## - MAIN ENTRY--PERSONAL NAME
Personal name Obert, Edward F.
245 ## - TITLE STATEMENT
Title Thermodynamics
250 ## - EDITION STATEMENT
Edition statement 2nd ed.
260 ## - PUBLICATION, DISTRIBUTION, ETC. (IMPRINT)
Place of publication, distribution, etc. New York
Name of publisher, distributor, etc. McGraw-Hill Book
Date of publication, distribution, etc. 1963
300 ## - PHYSICAL DESCRIPTION
Extent xxi,596p.
504 ## - BIBLIOGRAPHY, ETC. NOTE
Bibliography, etc Includes bibliographies
650 #0 - SUBJECT ADDED ENTRY--TOPICAL TERM
Topical term or geographic name as entry element Thermodynamics
700 ## - ADDED ENTRY--PERSONAL NAME
Personal name Gaggioli, Richard A.
942 ## - ADDED ENTRY ELEMENTS (KOHA)
Koha item type General Book
Holdings
Piece designation (barcode) Copy number Withdrawn status Price effective from Source of classification or shelving scheme Shelving location Location (home branch) Not for loan Sublocation or collection (holding branch) Damaged status Lost status Koha normalized classification for sorting Koha full call number Date acquired Koha item type Koha date last seen
64021 2014-12-12 Circulation sectionCentral Library, BUET Central Library, BUET  621_010000000000000_OBE_1963621.01/OBE/19632014-12-12General Book2014-12-12
64032 2014-12-12 Circulation sectionCentral Library, BUET Central Library, BUET  621_010000000000000_OBE_1963621.01/OBE/19632014-12-12General Book2014-12-12
157313 2014-12-12 Circulation sectionCentral Library, BUET Central Library, BUET  621_010000000000000_OBE_1963621.01/OBE/19632014-12-12General Book2014-12-12
187034 2014-12-12 Circulation sectionCentral Library, BUET Central Library, BUET  621_010000000000000_OBE_1963621.01/OBE/19632014-12-12General Book2014-12-12
187065 2014-12-12 Circulation sectionCentral Library, BUET Central Library, BUET  621_010000000000000_OBE_1963621.01/OBE/19632014-12-12General Book2014-12-12
187086 2014-12-12 Circulation sectionCentral Library, BUET Central Library, BUET  621_010000000000000_OBE_1963621.01/OBE/19632014-12-12General Book2014-12-12
187057 2014-12-12 Circulation sectionCentral Library, BUET Central Library, BUET  621_010000000000000_OBE_1963621.01/OBE/19632014-12-12General Book2014-12-12
187028 2014-12-12 Circulation sectionCentral Library, BUET Central Library, BUET  621_010000000000000_OBE_1963621.01/OBE/19632014-12-12General Book2014-12-12
187079 2015-04-12 Circulation sectionCentral Library, BUET Central Library, BUET  621_010000000000000_OBE_1963621.01/OBE/19632015-04-12General Book2015-04-12